[Event "TCh-HUN 2007-8"]
[Site "Budapest HUN"]
[Date "2007.11.25"]
[Round "3"]
[White "Biro,Andra"]
[Black "Honos,A"]
[Result "1/2-1/2"]
[WhiteElo "2298"]
[BlackElo "2298"]

1.e4 d5 2.exd5 Qxd5 3.Nc3 Qd6 4.d4 Nf6 5.Nf3 c6 6.Be2 Nbd7 7.Bg5 e6 8.Qd2 Qc7
9.O-O Bd6 10.Rfe1 h6 11.Bh4 O-O 12.Bd3 b6 13.Ne5 Bb7 14.Re3 Nd5 15.Nxd5 cxd5
16.Rg3 Bxe5 17.Qxh6 f5 18.Qxe6+ Rf7 19.dxe5 Qxe5 20.Re1 Qxe6 21.Rxe6 Nc5
22.Re5 f4 23.Rh3 Nxd3 24.Rxd3 Rc8 25.c3 Rc4 26.f3 b5 27.Bf2 a6 28.b4 Rcc7
29.Bc5 Rf6 30.Rd2 Kf7 31.Rde2 Kg6 32.Re8 Bc8 33.Bd4 Rff7 34.R2e5 Bd7 35.Ra8 Rc6
36.Rxd5 Re6 37.Re5 Rxe5 38.Bxe5 Kf5 39.Bd4 Re7 40.Kf2 Be6 41.Bc5 Rd7 42.g4+ fxg3+
43.Kxg3 Bxa2 44.Rxa6 Bd5 45.Bd4 Re7 46.Rb6 Bc4 47.Rc6 Be2 48.Rc5+ Kg6 49.f4 Rf7
50.h4 Bd3 51.Rg5+ Kh6 52.Kf3 Re7 53.f5 Rf7 54.Kf4 Kh7 55.Ke5 Rf6 56.Bc5 Rf7
57.Bd6 Kh6 58.Bc5 Kh7 59.Bd4 Rf6 60.h5 Kh6 61.Rg3 Rxf5+ 62.Kd6 Be2 63.Rxg7 Kxh5
64.Kc6 Rg5 65.Rc7 Rg6+ 66.Kc5 Rg5+ 67.Kb6 Bd3 68.Bc5 Kg6 69.Ka5 Kf6 70.Rd7 Rg3
71.Rxd3 Rxd3 72.Kxb5 Ke6 73.c4 Kd7 74.Bb6 Rh3 75.c5 Rh1 76.c6+ Kd6 77.c7 Kd7
78.Ka6 Kc8 79.b5 Rc1 80.Ba5 Ra1 81.b6 Rb1 82.b7+ Rxb7 83.Bb6 Rb8  1/2-1/2

[Event "WYg18"]
[Site "Kemer TUR"]
[Date "2007.11.25"]
[Round "8"]
[White "Nemcova,Kat"]
[Black "Mikadze,M"]
[Result "1-0"]
[WhiteElo "2255"]
[BlackElo "2255"]

1.e4 d5 2.exd5 Qxd5 3.Nc3 Qd6 4.d4 Nf6 5.Nf3 a6 6.Be3 Nc6 7.Qd2 Bf5 8.Nh4 Bd7
9.O-O-O O-O-O 10.Bf4 e5 11.dxe5 Qxd2+ 12.Rxd2 Nh5 13.Bg5 Re8 14.Be2 h6 15.Be3 Rxe5
16.Rhd1 Nf6 17.Bc4 g5 18.Nf3 Re7 19.Nd5 Nxd5 20.Bxd5 f6 21.Bxc6 bxc6 22.Bd4 Bg7
23.Bc5 Rf7 24.Rd3 Bf8 25.Bxf8 Rhxf8 26.Rc3 Kb7 27.Nd4 Re8 28.Nb3 Kb6 29.Nc5 Bc8
30.Rd4 Re1+ 31.Kd2 Rfe7 32.Na4+ Ka7 33.Rf3 R7e2+ 34.Kd3 Rd1+ 35.Kxe2 Rxd4
36.Ra3 Bf5 37.Nc5 Kb6 38.Na4+ Ka7 39.Nc5 Rc4 40.Rxa6+ Kb8 41.Rxc6 Rxc2+ 42.Ke3 Rxb2
43.Rxf6 Bc8 44.Rxh6 Rxa2 45.h4 gxh4 46.Rxh4 Rc2 47.Rb4+ Ka7 48.Nd3 Ba6 49.Rb3 c5
50.Ra3 Kb6 51.g4 Bc8 52.g5 c4 53.Nf4 c3 54.Nd5+ Kb7 55.Rb3+ Kc6 56.Nb4+ Kc7
57.Ke4  1-0

[Event "WYb14"]
[Site "Kemer TUR"]
[Date "2007.11.25"]
[Round "8"]
[White "Catalkilic,O"]
[Black "Aplin,C"]
[Result "0-1"]
[WhiteElo "1960"]
[BlackElo "2032"]

1.e4 d5 2.exd5 Qxd5 3.Nc3 Qd6 4.d4 Nf6 5.Bc4 a6 6.Nge2 Bf5 7.Bb3 Nc6 8.Bf4 Qd7
9.Qd2 Na5 10.O-O e6 11.Rfe1 Be7 12.Ng3 Bg6 13.d5 Nxb3 14.cxb3 Rd8 15.Rad1 Nxd5
16.Nxd5 Qxd5 17.Qxd5 Rxd5 18.Rxd5 exd5 19.Bxc7 Kd7 20.Be5 f6 21.Bc3 Rc8 22.Ne2 Bc5
23.Rd1 Kd6 24.Nf4 Bf7 25.Kf1 b5 26.Nd3 Bb6 27.Nf4 a5 28.b4 a4 29.a3 Rc4 30.Ne2 Bh5
31.f3 Be8 32.Nd4 Bd7 33.Rd2 h5 34.g3 g5 35.Kg2 f5 36.f4 gxf4 37.gxf4 Rc8
38.Kf3 Re8 39.Re2 Re4 40.Rxe4 dxe4+ 41.Ke2 Kd5 42.Nc2 Bg1 43.h3 Bb6 44.Ne3+ Ke6
45.Be5 Bd8 46.Ng2 Be8 47.Ne3 h4 48.Nc2 Bh5+ 49.Kd2 Bg4 50.hxg4 h3 51.Nd4+ Kd7
52.Nxf5 Bh4 53.Nxh4 h2 54.Nf5 h1=Q 55.g5 Qg2+ 56.Kc1 Qf3 57.Nd4 Qd3  0-1

[Event "WYg18"]
[Site "Kemer TUR"]
[Date "2007.11.26"]
[Round "9"]
[White "Boyarchenko,M"]
[Black "Lazo,X"]
[Result "1/2-1/2"]
[WhiteElo "1794"]
[BlackElo "2089"]

1.e4 d5 2.exd5 Qxd5 3.Nc3 Qd6 4.Nf3 Nf6 5.d4 a6 6.h3 b5 7.a3 Bb7 8.Be3 Nbd7
9.Qe2 e6 10.g3 Be7 11.Bg2 O-O 12.O-O Nd5 13.Ne4 Qb6 14.Ned2 Nxe3 15.fxe3 c5
16.c3 Bf6 17.Nh2 cxd4 18.cxd4 Rac8 19.Rac1 Bxg2 20.Kxg2 Rc6 21.Rfd1 Rfc8
22.Rxc6 Qxc6+ 23.Ndf3 Qe4 24.Ng4 h5 25.Nf2 Qb7 26.h4 Nb6 27.b3 Nd5 28.Rd3 b4
29.e4 Nc3 30.Qe1 a5 31.axb4 axb4 32.Nd2 Nb5 33.Nc4 Be7 34.Nd1 Rd8 35.Qe3 Bf6
36.Ne5 Nd6 37.Nf2 Nf5 38.Qf3 Nxd4 39.Qxh5 Bxe5 40.Qxe5 Nc6 41.Rxd8+ Nxd8
42.Qd6 Nc6 43.Nd3 Qb5  1/2-1/2

[Event "Open"]
[Site "Rijeka CRO"]
[Date "2007.11.26"]
[Round "3"]
[White "Muslija,I"]
[Black "Dubois,M"]
[Result "1-0"]
[WhiteElo "2251"]
[BlackElo "2011"]

1.e4 d5 2.exd5 Qxd5 3.Nc3 Qd6 4.Nf3 Nf6 5.Nb5 Qd8 6.d4 c6 7.Nc3 Bg4 8.Be2 e6
9.Be3 Nbd7 10.O-O Bd6 11.Nd2 Bxe2 12.Qxe2 Qc7 13.h3 Nb6 14.Nce4 Bh2+ 15.Kh1 Nxe4
16.Nxe4 Bf4 17.c4 Bxe3 18.fxe3 f6 19.Qh5+ Ke7 20.Qc5+ Kd8 21.a4 Qe7 22.Qa5 Ke8
23.Qc3 a5 24.Nc5 Nc8 25.Qd3 Nd6 26.e4 b6 27.Nb3 Nb7 28.Nd2 Rd8 29.Qe3 c5
30.d5 exd5 31.cxd5 Rxd5 32.Nc4 Rd4 33.Nxb6 Rxe4 34.Qg3 Kf7 35.Nd5 Qe5 36.Qb3 Nd6
37.Nxf6+ c4 38.Nxe4+ Ke7 39.Qa3  1-0

[Event "20th Belgrade Trophy"]
[Site "Belgrade SRB"]
[Date "2007.11.27"]
[Round "6"]
[White "Mrsevic,M"]
[Black "Djalovic,V"]
[Result "1-0"]
[WhiteElo "2313"]
[BlackElo "2173"]

1.e4 d5 2.exd5 Qxd5 3.Nc3 Qd8 4.d4 e6 5.g3 Nf6 6.Bg2 Bb4 7.Ne2 O-O 8.O-O Nc6
9.h3 h6 10.Be3 Ne7 11.a3 Bd6 12.Nb5 Nf5 13.Nxd6 cxd6 14.Bc1 d5 15.b3 b6 16.Bb2 Ba6
17.Re1 Rc8 18.Nf4 Rc7 19.a4 Qd7 20.a5 b5 21.Nd3 Rb8 22.Nc5 Qc6 23.b4 Re8
24.Bc1 Rce7 25.Bf4 Nd6 26.g4 Nh7 27.h4 g5 28.hxg5 hxg5 29.Bg3 Bc8 30.Ra3 a6
31.f4 f5 32.Rc3 Nc4 33.fxg5 Nxg5 34.Bh4 Ne4 35.Nxe4 fxe4 36.Bxe7 Rxe7 37.Rh3 Rg7
38.Bf1 e5 39.Rg3 exd4 40.Qxd4 Qd6 41.Kg2 Qe6 42.Bxc4 bxc4 43.g5 Bb7 44.c3 Qg6
45.Qf6 Qe8  1-0

[Event "WYg18"]
[Site "Kemer TUR"]
[Date "2007.11.28"]
[Round "11"]
[White "Tikir,H"]
[Black "Safar,A"]
[Result "1/2-1/2"]
[WhiteElo "1721"]
[BlackElo "1545"]

1.e4 d5 2.exd5 Qxd5 3.Nc3 Qd6 4.d4 Nf6 5.h3 a6 6.Nf3 Nc6 7.Bc4 b5 8.Bd3 Bb7
9.Ne4 Nxe4 10.Bxe4 e6 11.c3 Rb8 12.Qc2 Be7 13.Ne5 O-O 14.Bf4 Nxe5 15.Bxe5 Qd7
16.O-O Bd6 17.Rfe1 Bxe5 18.dxe5 c5 19.Rad1 Qc7 20.Bxb7 Rxb7 21.Rd6 Rb6 22.Red1 Rxd6
23.Rxd6 Qb7 24.Qd3 c4  1/2-1/2

[Event "WYg18"]
[Site "Kemer TUR"]
[Date "2007.11.28"]
[Round "11"]
[White "Chierici,M"]
[Black "Lazo,X"]
[Result "1-0"]
[WhiteElo "2040"]
[BlackElo "2089"]

1.e4 d5 2.exd5 Qxd5 3.Nc3 Qd6 4.d4 Nf6 5.Nf3 a6 6.g3 Nc6 7.Bf4 Qd8 8.d5 Nb4
9.Bc4 b5 10.Bb3 Bb7 11.Qe2 Nbxd5 12.O-O-O c6 13.Rhe1 Qc8 14.Ne4 Nxe4 15.Qxe4 e6
16.Nd4 Qd7 17.Nxc6 Bxc6 18.Bxd5 Bxd5 19.Rxd5 Qc8 20.Bg5 Be7 21.Bxe7 Kxe7
22.Qe5 Rg8 23.f4 g6 24.Qd6+ Kf6 25.Qe5+ Ke7 26.g4 Qc6 27.f5 Rgc8 28.c3 Ra7
29.fxe6 fxe6 30.Qg7+ Ke8 31.Qg8+ Ke7 32.Qg7+ Ke8  1-0

[Event "Open"]
[Site "Rijeka CRO"]
[Date "2007.11.28"]
[Round "5"]
[White "Juranic,B"]
[Black "Dubois,M"]
[Result "1-0"]
[WhiteElo "2120"]
[BlackElo "2011"]

1.e4 d5 2.exd5 Qxd5 3.Nc3 Qd6 4.d4 Nf6 5.Bd3 c6 6.Nge2 Bg4 7.f3 Bh5 8.Bf4 Qd8
9.Qd2 e6 10.Be5 Bg6 11.Bxg6 hxg6 12.O-O-O Qa5 13.Kb1 Nbd7 14.Ne4 Qxd2 15.Nxd2 O-O-O
16.c4 Nxe5 17.dxe5 Nd7 18.f4 g5 19.Nf3 gxf4 20.Nxf4 Be7 21.h3 Nc5 22.Kc2 Ne4
23.Rxd8+ Rxd8 24.Rd1 Ng3 25.Rxd8+ Kxd8 26.Kd3 Kd7 27.Ne2 Nxe2 28.Kxe2 Bc5
29.Kd3 f6 30.g4 fxe5 31.Nxe5+ Kd6 32.Ke4 Bf2 33.g5 Ke7 34.h4 Ke8 35.h5 Bh4
36.h6 gxh6 37.gxh6 Bf6 38.h7 c5 39.b3 a6 40.Ng6 b5 41.h8=Q+ Bxh8 42.Nxh8 bxc4
43.bxc4  1-0

[Event "Open"]
[Site "Rijeka CRO"]
[Date "2007.11.29"]
[Round "6"]
[White "Plenca,J"]
[Black "Florjan,M"]
[Result "1-0"]
[WhiteElo "2221"]
[BlackElo "2036"]

1.e4 d5 2.exd5 Qxd5 3.Nc3 Qd6 4.g3 e5 5.Bg2 Nf6 6.Nge2 Nc6 7.O-O Be6 8.d3 Be7
9.h3 Rd8 10.f4 Qd7 11.Kh2 O-O 12.Qe1 Nd5 13.f5 Bxf5 14.Nxd5 Bc5 15.Nec3 Rfe8
16.Be3 Bd6 17.Ne4 Bf8 18.Nef6+  1-0

[Event "Open"]
[Site "Rijeka CRO"]
[Date "2007.11.29"]
[Round "6"]
[White "Coimbra,M"]
[Black "Ruzic,Sa"]
[Result "1/2-1/2"]
[WhiteElo "2124"]
[BlackElo "1917"]

1.e4 d5 2.exd5 Qxd5 3.Nc3 Qd6 4.d4 g6 5.Nf3 Bg7 6.Bd3 Nf6 7.O-O a6 8.Ne4 Nxe4
9.Bxe4 O-O 10.Be3 Nd7 11.c4 Nf6 12.Bc2 b6 13.h3 Bb7 14.Qe2 Rad8 15.Rad1 Qc6
16.Rfe1 Rfe8 17.Bf4 Nh5 18.Be3  1/2-1/2

[Event "TCh-AUT 1st Bundesliga 2007-8"]
[Site "Baden AUT"]
[Date "2007.11.30"]
[Round "1"]
[White "Volkmann,F"]
[Black "Kantorik,M"]
[Result "1-0"]
[WhiteElo "2434"]
[BlackElo "2345"]

1.e4 d5 2.exd5 Qxd5 3.Nc3 Qd6 4.d4 Nf6 5.Nf3 Bg4 6.h3 Bxf3 7.Qxf3 c6 8.Be3 e6
9.Bd3 Nbd7 10.O-O Qc7 11.Na4 Bd6 12.c4 O-O 13.Rfe1 Rfe8 14.c5 Bf8 15.Bf4 Qa5
16.Nc3 Nd5 17.Ne4 e5 18.Bd2 Qc7 19.Ng5 N7f6 20.dxe5 Rxe5 21.Rxe5 Qxe5 22.Bxh7+ Nxh7
23.Qxf7+ Kh8 24.Qh5 Qxg5 25.Bxg5 Bxc5 26.Re1 Rf8 27.Bh4 g5 28.Bg3 Nf4 29.Bxf4 Rxf4
30.Qe8+ Bf8 31.Re7  1-0

[Event "Four Nations Jr Teams"]
[Site "Oslo NOR"]
[Date "2007.11.30"]
[Round "1"]
[White "Hansen,Martin2"]
[Black "Danielsen,M"]
[Result "1/2-1/2"]
[WhiteElo "2130"]
[BlackElo "2035"]

1.e4 d5 2.exd5 Qxd5 3.Nc3 Qd6 4.d4 Nf6 5.Be2 c6 6.Nf3 Bf5 7.O-O Nbd7 8.Re1 e6
9.Bc4 Bg4 10.Be3 Qc7 11.Be2 Bd6 12.h3 Bh5 13.Qd2 O-O 14.Rad1 Rad8 15.Ng5 Bxe2
16.Qxe2 Bb4  1/2-1/2

[Event "17th TCh-SLO w"]
[Site "Ljubljana SLO"]
[Date "2007.12.01"]
[Round "3"]
[White "Hari,V"]
[Black "Bajt,I"]
[Result "0-1"]
[WhiteElo "2023"]
[BlackElo "2225"]

1.e4 d5 2.exd5 Qxd5 3.Nc3 Qd6 4.d4 Nf6 5.Bc4 a6 6.Nf3 b5 7.Bb3 Bb7 8.O-O e6
9.Re1 Be7 10.Ne5 O-O 11.Bf4 Qb6 12.Nxf7 Kxf7 13.Rxe6 Qxe6 14.Bxe6+ Kxe6 15.Qe2+ Kf7
16.g4 Re8 17.g5 Bd6 18.Be5 Nc6 19.gxf6 Nxe5 20.Ne4 Nf3+ 21.Qxf3 Bxe4 22.Qh5+ Bg6
23.Qd5+ Kxf6 24.a4 Be4 25.Qh5 g6 26.Qh6 Bd5 27.h4 Red8 28.axb5 a5 29.b3 Be4
30.c4 Bf8 31.Qf4+ Bf5 32.Qxc7 Rac8 33.Qe5+ Kf7 34.Rxa5 Kg8 35.Ra7 Re8 36.Qd5+ Be6
37.Qb7 Re7 38.Qb6 Rce8 39.Rxe7 Rxe7 40.Qa5 Bg4 41.b6 Bf3 42.Qc3 Rf7 43.c5 Bd5
44.c6 Rf3 45.Qc2 Rh3 46.Kf1 Bf3 47.Qc4+ Kh8 48.Ke1 Bh6 49.c7 Rh1+ 50.Qf1 Rxf1+
51.Kxf1 Bb7 52.d5 Bf8 53.Ke2 Kg7 54.Kd3 Kf6 55.Kc4 Ke5 56.b4 Bxd5+ 57.Kb5 Bb7
58.c8=Q Bxc8 59.Kc6 Bxb4  0-1

[Event "Four Nations Jr Teams"]
[Site "Oslo NOR"]
[Date "2007.12.01"]
[Round "2"]
[White "Liatukas,M"]
[Black "Danielsen,M"]
[Result "1-0"]
[WhiteElo "2209"]
[BlackElo "2035"]

1.e4 d5 2.exd5 Qxd5 3.Nc3 Qd6 4.d4 Nf6 5.h3 a6 6.Nf3 Nbd7 7.Bc4 b5 8.Bb3 Bb7
9.Qe2 c5 10.dxc5 Nxc5 11.Be3 Nxb3 12.cxb3 e6 13.O-O Rd8 14.Rfd1 Qb8 15.Rxd8+ Qxd8
16.Rd1 Qc7 17.Rc1 Qd8 18.Ne5 Bd6 19.Rd1 Qb8 20.Bf4 Bc7 21.Nxb5 Nd5 22.Rxd5 Bxd5
23.Nxc7+ Qxc7 24.Ng6 Qc8 25.Nxh8 Ke7 26.Bd2 Qxh8 27.Bb4+ Kd7 28.Qxa6 Qb8
29.Bc3 f6 30.b4 Ke8 31.a4 Qf4 32.Qe2 Bc4 33.Qg4 Qxg4 34.hxg4 Ke7 35.b5 Kd6
36.b6 e5 37.a5 g6 38.Kh2 Ba6 39.Kg3 Kd5 40.Kf3 Kc5 41.Ke3 Bb7 42.f3 h5 43.gxh5 gxh5
44.Be1 f5 45.g3 Kd5 46.Bc3 Ba6 47.b3 Bb7 48.Bb2 Ba6 49.b4  1-0

[Event "Open"]
[Site "Rijeka CRO"]
[Date "2007.12.01"]
[Round "8"]
[White "Fucak,E"]
[Black "Krkljes,S"]
[Result "1-0"]
[WhiteElo "2296"]
[BlackElo "2178"]

1.e4 d5 2.exd5 Qxd5 3.Nc3 Qd6 4.d4 Nf6 5.Nb5 Qb6 6.Nf3 c6 7.Na3 Bf5 8.Nc4 Qc7
9.Bd3 Bxd3 10.Qxd3 Nbd7 11.g3 Nb6 12.Bf4 Qd8 13.Nce5 h6 14.O-O-O e6 15.Rhe1 Bd6
16.Qb3 O-O 17.g4 a5 18.g5 a4 19.Qd3 Nfd5 20.Bd2 Bxe5 21.dxe5 h5 22.Qe4 Qc7
23.g6 fxg6 24.Ng5 Rf5 25.c4 a3 26.b3 Rxg5 27.Bxg5 Nc3 28.Qxg6 Nxa2+ 29.Kb1 Nc3+
30.Ka1 Nxd1 31.Qxe6+ Qf7 32.Qxf7+ Kxf7 33.Rxd1 Re8 34.f4 Ke6 35.Ka2 Ra8 36.Rd6+ Kf5
37.h4 Ra7 38.Rd8 Ke6 39.Rd6+ Kf5 40.e6 Nc8 41.Rd8 Kxe6 42.Rxc8 Kd7 43.Rg8 g6
44.Rxg6 Ra8 45.Rg7+  1-0

[Event "Open"]
[Site "Rijeka CRO"]
[Date "2007.12.01"]
[Round "8"]
[White "Coimbra,M"]
[Black "Florjan,M"]
[Result "1-0"]
[WhiteElo "2124"]
[BlackElo "2036"]

1.e4 d5 2.exd5 Qxd5 3.Nc3 Qd6 4.d4 Nf6 5.Nf3 a6 6.Bd3 Bg4 7.h3 Bh5 8.Ne4 Nxe4
9.Bxe4 Qe6 10.Qe2 Bxf3 11.Qxf3 c6 12.O-O Qd6 13.Bf4 Qf6 14.Qb3 b5 15.Be5 Qe6
16.Qf3 Nd7 17.Bxc6 Ra7 18.Bb8  1-0

[Event "Chigorin Mem A"]
[Site "St Petersburg RUS"]
[Date "2007.12.01"]
[Round "1"]
[White "Zhigalko,A"]
[Black "Rozum,I"]
[Result "1-0"]
[WhiteElo "2554"]
[BlackElo "2411"]

1.e4 d5 2.exd5 Qxd5 3.Nc3 Qd8 4.d4 c6 5.Bc4 Bf5 6.g4 Bg6 7.f4 e6 8.h4 h5
9.f5 exf5 10.g5 f4 11.Bxf4 Bb4 12.Ne2 b5 13.Bb3 Be4 14.O-O Bg6 15.a4 bxa4
16.Rxa4 Bd6 17.Ng3 Ne7 18.Bxd6 Qxd6 19.Qf3 O-O 20.Nce4 Qd7 21.Nxh5 Qf5 22.Qxf5 Bxf5
23.Nd6 Be6 24.Bxe6 fxe6 25.Rxf8+ Kxf8 26.Nf4 Nd5 27.Ng6+ Kg8 28.c4 Nb6 29.Ra3 a5
30.Rf3 c5 31.Ne7+ Kh7 32.Nf7 g6 33.Ne5  1-0

[Event "Four Nations Jr Teams"]
[Site "Oslo NOR"]
[Date "2007.12.02"]
[Round "3"]
[White "Glibstrup,J"]
[Black "Garnelis,J"]
[Result "0-1"]
[WhiteElo "1966"]
[BlackElo "2141"]

1.e4 d5 2.exd5 Qxd5 3.Nc3 Qd6 4.d4 Nf6 5.Nf3 a6 6.Be3 Nc6 7.Qd2 Bf5 8.O-O-O Nb4
9.Ne1 O-O-O 10.a3 Nbd5 11.Bd3 Bg4 12.f3 Nxc3 13.Qxc3 Nd5 14.Qd2 Nxe3 15.Qxe3 Be6
16.Be4 g6 17.f4 Bg7 18.d5 f5 19.Bf3 Bf7 20.Qa7 Qxf4+ 21.Kb1 Qd6 22.Qa8+ Kd7
23.Qxb7 Rb8 24.Qc6+ Kc8 25.Be2 Rxb2+ 26.Kc1 Qxc6 27.dxc6 Rb6 28.Nd3 Bh6+
29.Rd2 Rd8 30.Rd1 Bc4 31.Nf4 Bxf4 32.Bxc4 Rxc6 33.Bd3 e5 34.Kb2 Bxd2 35.Rxd2 e4
36.Bxa6+  0-1

[Event "67th ch-ITA"]
[Site "Martina Franca ITA"]
[Date "2007.12.04"]
[Round "11"]
[White "Manca,F"]
[Black "Garcia Palermo,C"]
[Result "0-1"]
[WhiteElo "2405"]
[BlackElo "2459"]

1.e4 d5 2.exd5 Qxd5 3.Nc3 Qd6 4.d4 c6 5.Nf3 Bg4 6.h3 Bxf3 7.Qxf3 e6 8.Be3 Nf6
9.O-O-O Nbd7 10.g4 Nb6 11.h4 Qb4 12.g5 Nfd5 13.Nxd5 cxd5 14.Bd2 Qa4 15.Kb1 Rc8
16.Bd3 Nc4 17.Bc1 Rc6 18.b3 Qa5 19.Bxc4 dxc4 20.d5 Ra6 21.a4 cxb3 22.cxb3 Be7
23.Bb2 O-O 24.Qc3 Qxc3 25.Bxc3 f6 26.gxf6 Bxf6 27.Bxf6 Rxf6 28.Rhe1 Rd6 29.dxe6 Rfxe6
30.Rxd6 Rxe1+ 31.Kc2 Kf7 32.Rd7+ Re7 33.Rxe7+ Kxe7 34.Kd3 Kf6 35.Ke4 Kg6
36.Kf4 Kh5 37.Kg3 g5 38.hxg5 Kxg5 39.b4 a6 40.b5 axb5 41.axb5 b6 42.Kf3 h6
43.Ke4 h5 44.Ke5 h4 45.f4+ Kh6 46.Ke4 Kg6  0-1

[Event "17th TCh-SLO w"]
[Site "Ljubljana SLO"]
[Date "2007.12.07"]
[Round "6"]
[White "Muzychuk,A"]
[Black "Ankerst,Mil"]
[Result "1-0"]
[WhiteElo "2469"]
[BlackElo "2102"]

1.e4 d5 2.exd5 Qxd5 3.Nc3 Qd6 4.d4 Nf6 5.Nf3 e6 6.Nb5 Qb6 7.c4 c6 8.Nc3 Be7
9.Bd3 Nbd7 10.O-O O-O 11.Re1 Qc7 12.Ne5 Re8 13.Bf4 Qd8 14.Qf3 Nf8 15.Rad1 Qb6
16.c5 Qd8 17.g4 Nd5 18.Nxf7 Qd7 19.Ne5 Qd8 20.Bg3 Bf6 21.Ne4 Qe7 22.Nd6 Rd8
23.Nef7 Rd7 24.Qe4 b6 25.Ne5 Rc7 26.Rc1 b5 27.f4 Bxe5 28.dxe5 Bd7 29.h4 a5
30.Rf1 Be8 31.f5 Raa7 32.f6 Qd8 33.h5 Bf7 34.fxg7 Kxg7 35.Rf6 Bg8 36.Bh4 Kh8
37.Rcf1 Rg7 38.Kh2 Nd7 39.Kh3 Nxc5 40.Qd4 Nxd3 41.Qxd3 Qb6 42.Rf8 h6 43.Bf2 c5
44.Be3 c4 45.Bxb6 cxd3 46.Bxa7 Rxa7 47.Rd1 Kg7 48.Rf3 Bh7 49.Ne8+ Kg8 50.Rdf1 Be4
51.Rf8+ Kh7 52.Nd6  1-0

[Event "Parsvnath ch-Commonwealth"]
[Site "New Delhi IND"]
[Date "2007.12.09"]
[Round "9"]
[White "Matta,V"]
[Black "Ashwin,J"]
[Result "0-1"]
[WhiteElo "2281"]
[BlackElo "2478"]

1.e4 d5 2.exd5 Qxd5 3.Nc3 Qd6 4.d4 Nf6 5.Bd3 Bg4 6.f3 Bh5 7.Nge2 a6 8.Bf4 Qd7
9.Qd2 Nc6 10.O-O-O e6 11.g4 Bg6 12.d5 Nxd5 13.Bxg6 hxg6 14.Nxd5 exd5 15.Qxd5 Qxd5
16.Rxd5 Rd8 17.Nc3 Bd6 18.Re1+ Kf8 19.Bxd6+ cxd6 20.Rd2 Rh3 21.Re3 f5 22.Nd5 Kf7
23.Nf4 Rh4 24.Ne6 Rd7 25.Ng5+ Kf8 26.h3 Re7 27.Rde2 Re5 28.Kd2 f4 29.Rxe5 dxe5
30.c3 Ke7 31.Kc2 Kf6 32.Ne4+ Ke7 33.Ng5 Rh8 34.Kd2 Kf6 35.Ne4+ Ke7 36.Ng5 Nd8
37.Kd3 Ne6 38.Nxe6 Kxe6 39.Ke4 Rc8 40.h4 b5 41.Kd3 Rd8+ 42.Kc2 Rh8 43.Rh2 e4
44.fxe4 Ke5 45.Kd3 Rd8+ 46.Ke2 Kxe4 47.Rh3 Rh8 48.Kf2 a5 49.Rh1 f3 50.Re1+ Kf4
51.Rd1 Re8 52.Rd4+ Re4 53.Rxe4+ Kxe4 54.a4 bxa4 55.g5 a3 56.bxa3 a4 57.c4 Kd4
58.Kxf3 Kxc4 59.Ke4 Kb3 60.Kd3 Kxa3 61.Kc3 Ka2 62.Kc2 a3 63.Kc1 Kb3 64.Kb1 a2+
65.Ka1 Ka3  0-1

[Event "UTD GM Invitational"]
[Site "Richardson USA"]
[Date "2007.12.09"]
[Round "5"]
[White "Boskovic,D"]
[Black "Stopa,Ja"]
[Result "1/2-1/2"]
[WhiteElo "2465"]
[BlackElo "2410"]

1.e4 d5 2.exd5 Qxd5 3.Nc3 Qd6 4.d4 Nf6 5.Be2 c6 6.Bg5 Bf5 7.Qd2 e6 8.Bf3 Nbd7
9.Nge2 h6 10.Bf4 Qb4 11.O-O g5 12.Bc7 Nd5 13.a3 Qe7 14.Bxd5 exd5 15.Ng3 Be6
16.Rfe1 Nb6 17.Be5 Nc4 18.Qd3 Nxe5 19.Rxe5 O-O-O 20.Na4 Qc7 21.Nf5 Rg8 22.Rae1 b6
23.Nc3 Kb7 24.Nd1 Rg6 25.Nde3 Bc8 26.Nf1 Re6 27.N1g3 Rde8 28.R5e3 Qf4  1/2-1/2

[Event "Parsvnath ch-Commonwealth"]
[Site "New Delhi IND"]
[Date "2007.12.10"]
[Round "10"]
[White "Kunal,M"]
[Black "Jain Singhai,N"]
[Result "1-0"]
[WhiteElo "2111"]
[BlackElo "1977"]

1.e4 d5 2.exd5 Qxd5 3.Nc3 Qd6 4.d4 g6 5.Nf3 Bg7 6.Bd3 Nf6 7.Ne4 Nxe4 8.Bxe4 Nc6
9.c3 O-O 10.O-O Rb8 11.Re1 Re8 12.Qb3 Bd7 13.Ng5 Rf8 14.f4 Na5 15.Qc2 e6
16.Nf3 Bc6 17.Kh1 b5 18.a3 Bd5 19.b4 Nc4 20.Nd2 Qxf4 21.Bxd5 Ne3 22.Rxe3 Qxe3
23.Nf3  1-0

[Event "Parsvnath ch-Commonwealth"]
[Site "New Delhi IND"]
[Date "2007.12.10"]
[Round "10"]
[White "Shetty,R"]
[Black "Gowtham,T"]
[Result "1-0"]
[WhiteElo "2320"]
[BlackElo "2159"]

1.e4 d5 2.exd5 Qxd5 3.Nc3 Qd6 4.d4 Nf6 5.g3 a6 6.Bg2 e6 7.Nf3 Nbd7 8.O-O Be7
9.Re1 O-O 10.Bf4 Qb6 11.Qd3 Bd6 12.Ne5 c5 13.Nc4  1-0

[Event "15th Salona"]
[Site "Solin CRO"]
[Date "2007.12.10"]
[Round "4"]
[White "Pogonina,N"]
[Black "Kurajica,B"]
[Result "1/2-1/2"]
[WhiteElo "2462"]
[BlackElo "2554"]

1.e4 d5 2.exd5 Qxd5 3.Nc3 Qd6 4.d4 Nf6 5.Nf3 g6 6.Nb5 Qb6 7.c4 c6 8.Nc3 Bg7
9.c5 Qd8 10.Bc4 b5 11.cxb6 axb6 12.Ne5 O-O 13.O-O Ba6 14.Bxa6 Rxa6 15.Qe2 Ra7
16.Rd1 Nd5 17.Be3 e6 18.Rac1 Qd6 19.Nc4 Qd8 20.Ne5 Qd6 21.Nc4 Qd8 22.Ne5  1/2-1/2

[Event "It"]
[Site "Podgorica MNE"]
[Date "2007.12.13"]
[Round "5"]
[White "Nikac,P"]
[Black "Nestorovic,N"]
[Result "1/2-1/2"]
[WhiteElo "2356"]
[BlackElo "2436"]

1.e4 d5 2.exd5 Qxd5 3.Nc3 Qd6 4.Nf3 Nf6 5.Bc4 a6 6.d4 b5 7.Be2 Bb7 8.O-O Nbd7
9.a4 b4 10.Nb1 e6 11.Nbd2 c5 12.dxc5 Nxc5 13.Nc4 Qc7 14.Nfe5 Rd8 15.Qe1 Nd5
16.Bf3 Be7 17.a5 O-O 18.b3 Rfe8 19.Bb2 f6 20.Nd3 Nxd3 21.Qxe6+ Kh8 22.cxd3 Bd6
23.Qf5 Bc8 24.Qh5 Nf4 25.Qh4 Ng6 26.Qh5 Nf4  1/2-1/2

[Event "KNSB TCh-NED 2007-8"]
[Site "Netherlands NED"]
[Date "2007.12.15"]
[Round "5"]
[White "Smeets,J"]
[Black "Feygin,M"]
[Result "1-0"]
[WhiteElo "2558"]
[BlackElo "2531"]

1.e4 d5 2.exd5 Qxd5 3.Nc3 Qd6 4.d4 Nf6 5.Nf3 c6 6.Ne5 Nbd7 7.Nc4 Qc7 8.Qf3 Nb6
9.Bf4 Qd8 10.Be5 Be6 11.Ne3 Nbd7 12.O-O-O Qa5 13.Bxf6 exf6 14.Bc4 Bb4 15.Bxe6 fxe6
16.Qg4 Bxc3 17.Qxe6+ Kd8 18.bxc3 Qxc3 19.Rhe1 Re8 20.Qf7 Qa3+ 21.Kd2 Qa5+
22.Ke2 Kc7 23.Kf1 Rad8 24.Qxg7 Qxa2 25.Qg3+ Kc8 26.Nf5 Rxe1+ 27.Rxe1 Rf8
28.Nd6+ Kd8 29.Nxb7+ Kc8 30.Nd6+ Kd8 31.c4 Qd2 32.Qf3 Kc7 33.Ne8+ Kb7 34.Rb1+ Nb6
35.Nd6+ Kc7 36.Qg3 Rg8 37.Nb5+ Kd7 38.Qd6+ Ke8 39.Qxc6+ Kf7  1-0

[Event "ch-Central Serbia"]
[Site "Vrnjacka Banja SRB"]
[Date "2007.12.15"]
[Round "8"]
[White "Savic,Draga"]
[Black "Antic,Dr"]
[Result "0-1"]
[WhiteElo "2229"]
[BlackElo "2158"]

1.e4 d5 2.exd5 Qxd5 3.Nc3 Qd6 4.d4 Nf6 5.g3 Bg4 6.Qd3 Nc6 7.Nb5 Qd7 8.Bf4 Nd5
9.Qe4 O-O-O 10.c3 e5 11.Be3 exd4 12.Nxd4 Nxd4 13.Qxd4 Bc5 14.Qxg4 Qxg4 15.Bh3 Qxh3
16.Nxh3 Nxe3 17.fxe3 Bxe3 18.Rd1 Rhe8 19.Rxd8+ Rxd8 20.Ke2 Bh6 21.Nf4 c5
22.Rf1 c4 23.Rf2 Rd6 24.Ke3 f5 25.Kf3 Ra6 26.Nd5 g6 27.b3 cxb3 28.axb3 Ra3
29.Rb2 b5 30.g4 fxg4+ 31.Kxg4 Kb7 32.Rb1 a5 33.h4 Kc6 34.Nf6 Bg7 35.Nxh7 Bxc3
36.Nf8 Ra1 37.Rxa1 Bxa1 38.Nxg6 a4 39.bxa4 bxa4 40.Nf4 Kc5 41.Kf3 Kc4 42.Ke2 a3
43.Nd3 Bb2 44.Ne1 Kb3 45.Kd1 a2 46.Nc2 Bf6 47.Kc1 Bb2+ 48.Kd2 Bg7 49.Kd3 Kb2
50.Kd2 Bh6+ 51.Kd3 Bc1 52.h5 Bh6  0-1

[Event "XVII Magistral"]
[Site "Elgoibar ESP"]
[Date "2007.12.16"]
[Round "9"]
[White "Huerga Leache,M"]
[Black "Mirzoev,A"]
[Result "1/2-1/2"]
[WhiteElo "2440"]
[BlackElo "2545"]

1.e4 d5 2.exd5 Qxd5 3.Nc3 Qd6 4.d4 Nf6 5.Nf3 a6 6.g3 Bg4 7.Bg2 Nc6 8.O-O O-O-O
9.d5 Nb4 10.Bf4 Qc5 11.Be3 Qa5 12.h3 Bh5 13.g4 Bg6 14.Nd4  1/2-1/2

[Event "7th Amplico AIG Life"]
[Site "Warsaw POL"]
[Date "2007.12.16"]
[Round "10"]
[White "Narmontas,M"]
[Black "Vysochin,S"]
[Result "0-1"]
[WhiteElo "2367"]
[BlackElo "2524"]

1.e4 d5 2.exd5 Qxd5 3.Nc3 Qd6 4.d4 Nf6 5.Bd3 Bg4 6.f3 Bh5 7.Nge2 Nc6 8.Bf4 Qd7
9.Bg3 e6 10.Nb5 Rc8 11.c3 a6 12.Na3 Bxa3 13.bxa3 Nd5 14.Qd2 Bg6 15.Rb1 b5
16.O-O Na5 17.Nf4 Nxf4 18.Bxf4 Nc4 19.Bxc4 Bxb1 20.Bb3 Bg6 21.Qf2 O-O 22.h4 a5
23.Re1 a4 24.Bd1 Qe7 25.Qg3 Qxa3 26.Be5 f6 27.Bxc7 Qxc3 28.Bb6 Rfe8 29.Kh2 e5
30.d5 Qd2 31.Be2 Qxd5 32.Rd1 Qc6 33.Ba5 Ra8 34.Qe1 Qa6 35.Bc7 Rac8 36.Rd6 Qb7
37.Ba5 e4 38.f4 Qb8 39.Qd1 e3 40.Qd4 Re4 41.Qd5+ Bf7 42.Qxe4 Qxd6 43.Qxe3 Re8
44.Qf2 b4 45.Bb5 Re4 46.g3 Rd4 47.Kh3 Qd5  0-1

[Event "7th Amplico AIG Life"]
[Site "Warsaw POL"]
[Date "2007.12.16"]
[Round "13"]
[White "Macieja,B"]
[Black "Vysochin,S"]
[Result "1-0"]
[WhiteElo "2606"]
[BlackElo "2524"]

1.e4 d5 2.exd5 Qxd5 3.Nc3 Qd6 4.d4 Nf6 5.Nf3 c6 6.g3 Bg4 7.Bg2 Nbd7 8.O-O e6
9.Bf4 Qb4 10.a3 Qa5 11.h3 Bxf3 12.Qxf3 Qd8 13.b4 a6 14.Na4 Nd5 15.Bd2 b5
16.Nb2 Be7 17.c4 bxc4 18.Nxc4 O-O 19.Rac1 Rc8 20.Rc2 Bf6 21.Qd3 Qc7 22.Rfc1 Rfd8
23.Bxd5 exd5 24.Na5 c5 25.dxc5 Ne5 26.Qxa6 d4 27.Qb7 d3 28.Qxc7 Rxc7 29.Ra2 Nf3+
30.Kg2 Nd4 31.a4 Rd5 32.c6 Nc2 33.b5 Bd4 34.Raxc2 dxc2 35.Rxc2 Rc8 36.Be3 Be5
37.Nc4 Bc7 38.Nb6 Bxb6 39.Bxb6 Kf8 40.Bc5+ Kg8 41.Be3 Rd6 42.b6 Rdxc6 43.Rxc6  1-0

[Event "Open A"]
[Site "Zadar CRO"]
[Date "2007.12.19"]
[Round "5"]
[White "Kovacevic,A"]
[Black "Kurajica,B"]
[Result "1-0"]
[WhiteElo "2554"]
[BlackElo "2554"]

1.e4 d5 2.exd5 Qxd5 3.Nc3 Qd6 4.Nf3 a6 5.d4 b5 6.Ne4 Qd5 7.Bd3 Nf6 8.Qe2 Bb7
9.Nc5 Bc6 10.a4 bxa4 11.c4 Qd6 12.O-O e6 13.b4 Be7 14.d5 exd5 15.Re1 dxc4
16.Bxc4 Nd5 17.Bg5 f6 18.Bxd5 fxg5 19.Rad1 Qf6 20.Ne4 Qf8 21.Nfxg5 Bxd5 22.Rxd5 Nc6
23.Ne6 Qf7 24.N4g5  1-0